00991cam a22002894a 450000100090000000300040000900500170001300800410003001000170007102000180008804000130010605000230011908200220014210000230016424500860018726000420027330000480031550400540036365000150041765000200043265000340045265000290048690600450051594200120056099900170057295201120058916086172OSt20170105102909.0100205s2009 enka b 001 0 eng  a 2009512944 a9780713994810 aDLCcDLC00aHX44b.P67625 2009 a320.532bPRI 20091 aPriestland, David.14aThe red flag :bcommunism and the making of the modern world /cDavid Priestland. aLondon, England :bAllen Lane,c2009. axxvii, 675 p. :bill. (some col.) ;c25 cm. aIncludes bibliographical references (p. 576-658). 0aCommunism. 0aPost-communism. 0aWorld politicsy20th century. 0aInternational relations. a7bcbccorignewd2encipf20gy-gencatlg 2ddccBK c15010d15010 001040708NFICaCIPSbCIPScGENd2013-10-01l0o320.532 PRI 2009pCIPS0001604r2013-10-25w2013-10-25yBK